Adelaide Suburbs Quiz Stats

 Plays Quiz not verified by Sporcle

Challenge
Share
Tweet
Embed
Score 0/40 Timer 08:00
0 Plays Today
% Correct
Glenelg
65.9%
North Adelaide
53.8%
Norwood
49.5%
Salisbury
42.9%
Unley
30.8%
Brighton
22%
Mile End
19.8%
Modbury
18.7%
Mitcham
17.6%
St Peters
15.4%
Woodville
14.3%
West Lakes
14.3%
Brompton
12.1%
Croydon
12.1%
Walkerville
11%
Bowden
11%
Dulwich
8.8%
Enfield
8.8%
Gawler
8.8%
Stirling
7.7%
% Correct
Crafers
7.7%
Marden
6.6%
Pasadena
5.5%
Erindale
4.4%
Mawson Lakes
4.4%
Linden Park
4.4%
Hackney
4.4%
Highbury
4.4%
Keswick
4.4%
Brahma Lodge
3.3%
Kingswood
3.3%
Reynella
3.3%
Pooraka
3.3%
Elizabeth Park
1.1%
Elizabeth Vale
1.1%
Outer Harbour
1.1%
Welland
1.1%
Stoneyfell
0%
Athol Park
0%
Pennington
0%

You're not logged in!

Compare scores with friends on all Sporcle quizzes.
OR
Log In

You Might Also Like...

Show Comments

Extras

Created Feb 3, 2012SourceReportNominate
Tags:adelaide

Top Quizzes Today


Score Distribution

Your Account Isn't Verified!

In order to create a playlist on Sporcle, you need to verify the email address you used during registration. Go to your Sporcle Settings to finish the process.

Report this User

Report this user for behavior that violates our Community Guidelines.

Details: